Zmeny v civilnej exekúcii – donucovacie opatrenia

Cieľom predkladaného článku je poukázať na najvýznamnejšie legislatívne zmeny v exekučnom práve účinné od 1.4.2023, ktoré sa týkajú najmä zavedenia tzv. donucovacích opatrení, ako aj zmien v oblasti vymáhania nepeňažných plnení. Predkladaný článok sa vo vzťahu k ostatnej novele Exekučného poriadku o...

Full description

Saved in:
Bibliographic Details
Main Author: Koľveková, Viktória
Format: Book Chapter
Language:Slovak
Subjects:
Tags: Add Tag
No Tags, Be the first to tag this record!

MARC

LEADER 00000naa a2200000 4500
001 0306813
005 20250205111019.8
041 0 |a slo 
044 |a SK 
245 1 0 |a Zmeny v civilnej exekúcii – donucovacie opatrenia  |c Viktória Koľveková 
520 |a Cieľom predkladaného článku je poukázať na najvýznamnejšie legislatívne zmeny v exekučnom práve účinné od 1.4.2023, ktoré sa týkajú najmä zavedenia tzv. donucovacích opatrení, ako aj zmien v oblasti vymáhania nepeňažných plnení. Predkladaný článok sa vo vzťahu k ostatnej novele Exekučného poriadku obmedzuje výlučne na analýzu inštitútu donucovacích opatrení, podstatou ktorých je možnosť exekučných orgánov vynucovať plnenie parciálnych procesných povinností povinného a ďalších subjektov vymedzených Exekučným poriadkom, čím sa má dosiahnuť efektívnejšie vedenie exekučného konania, a jeho čo najrýchlejšie skončenie. Úmyslom autorky je preto poukázať na vplyv aktuálnych legislatívnych zmien na realizáciu rýchlej a efektívnej civilnej exekúcie podľa Exekučného poriadku a overiť hypotézu, či ostatná novela Exekučného poriadku je spôsobilá naplniť zámer prezentovaný zákonodarcom v dôvodovej správe. 
610 2 0 |a legislatíva 
610 2 0 |a právo 
610 2 0 |a exekúcia 
610 2 0 |a pokuty 
100 1 |a Koľveková, Viktória